| 000 | 01134nam a22002417a 4500 | ||
|---|---|---|---|
| 003 | SEM | ||
| 005 | 20251029112339.0 | ||
| 008 | 251003s1989 ru ||||gr||||||01|||rus|d | ||
| 020 | _a5250006663 | ||
| 040 |
_aSEM _cSEM |
||
| 041 | _arus | ||
| 080 | _a92։947/Х-95 | ||
| 245 |
_aНикита Сергеевич Хрущев : _bМатериалы к биографии / _cСост.։ Ю. В. Аксютин ; Ред.։ Н. Б. Чунакова |
||
| 260 |
_aМосква : _bИзд. Политической летературы, _c1989․ |
||
| 300 |
_a367 с. ; _bилл. ; _c21 см |
||
| 600 |
_aХрущев, Никита Сергеевич _cГосударственный, политический и партийный деятель СССР _d(1894-1971) |
||
| 650 |
_aГосударственные и политические деятели СССР _xБиографические материалы |
||
| 650 |
_aСССР _xИстория |
||
| 653 | _aՍԷՄ | ||
| 700 |
_aАксютин, Юрий Васильевич _eсост. _4comp. |
||
| 700 |
_aЧунакова, Н. Б. _eред. _4edt. |
||
| 942 |
_2udc _cBK _n0 |
||
| 999 |
_c77027 _d77027 |
||